| 000 -LEADER |
| fixed length control field |
01521cam a2200373 i 4500 |
| 001 - CONTROL NUMBER |
| control field |
19473540 |
| 005 - DATE AND TIME OF LATEST TRANSACTION |
| control field |
20230717103702.0 |
| 008 - FIXED-LENGTH DATA ELEMENTS--GENERAL INFORMATION |
| fixed length control field |
170131s2017 dcu b 001 0 eng |
| 010 ## - LIBRARY OF CONGRESS CONTROL NUMBER |
| LC control number |
2016051163 |
| 020 ## - INTERNATIONAL STANDARD BOOK NUMBER |
| International Standard Book Number |
9781433826559 (hbk.) X |
| 020 ## - INTERNATIONAL STANDARD BOOK NUMBER |
| International Standard Book Number |
1433826534 X |
| 040 ## - CATALOGING SOURCE |
| Original cataloging agency |
DLC |
| Language of cataloging |
eng |
| Description conventions |
rda |
| Transcribing agency |
DLC |
| Modifying agency |
DLC |
| 042 ## - AUTHENTICATION CODE |
| Authentication code |
pcc |
| 050 00 - LIBRARY OF CONGRESS CALL NUMBER |
| Classification number |
RC552.T7 |
| Item number |
A63 2017 |
| 080 ## - UNIVERSAL DECIMAL CLASSIFICATION NUMBER |
| Universal Decimal Classification number |
159.9+616-66 |
| 245 00 - TITLE STATEMENT |
| Title |
APA handbook of trauma psychology :1 volumes / |
| Statement of responsibility, etc. |
Steven N. Gold, PhD, editor-in-chief, Joan M. Cook and Constance J. Dalenbert, associate editors. |
| 246 3# - VARYING FORM OF TITLE |
| Title proper/short title |
Handbook fo trauma psychology |
| 250 ## - EDITION STATEMENT |
| Edition statement |
First edition. |
| 264 #1 - PRODUCTION, PUBLICATION, DISTRIBUTION, MANUFACTURE, AND COPYRIGHT NOTICE |
| Place of production, publication, distribution, manufacture |
Washington, DC : |
| Name of producer, publisher, distributor, manufacturer |
American Psychological Association, |
| Date of production, publication, distribution, manufacture, or copyright notice |
[2017] |
| 300 ## - PHYSICAL DESCRIPTION |
| Extent |
624 p.: |
| Dimensions |
29 cm. |
| 336 ## - CONTENT TYPE |
| Content type term |
text |
| Content type code |
txt |
| Source |
rdacontent |
| 337 ## - MEDIA TYPE |
| Media type term |
unmediated |
| Media type code |
n |
| Source |
rdamedia |
| 338 ## - CARRIER TYPE |
| Carrier type term |
volume |
| Carrier type code |
nc |
| Source |
rdacarrier |
| 490 0# - SERIES STATEMENT |
| Series statement |
APA handbooks in psychology |
| 504 ## - BIBLIOGRAPHY, ETC. NOTE |
| Bibliography, etc. note |
Includes bibliographical references and index. |
| 650 #0 - SUBJECT ADDED ENTRY--TOPICAL TERM |
| Topical term or geographic name entry element |
Psychic trauma. |
| 9 (RLIN) |
19360 |
| 653 ## - INDEX TERM--UNCONTROLLED |
| keyword |
ფსიქიკური ტრავმა |
| 700 1# - ADDED ENTRY--PERSONAL NAME |
| Personal name |
Gold, Steven N., |
| Relator term |
editor. რედაქტორი |
| 9 (RLIN) |
19361 |
| 700 1# - ADDED ENTRY--PERSONAL NAME |
| Personal name |
Cook, Joan M., |
| Relator term |
editor. რედაქტორი |
| 9 (RLIN) |
19362 |
| 700 1# - ADDED ENTRY--PERSONAL NAME |
| Personal name |
Dalenberg, Constance J., |
| Relator term |
editor. რედაქტორი |
| 9 (RLIN) |
19363 |
| 906 ## - LOCAL DATA ELEMENT F, LDF (RLIN) |
| a |
7 |
| b |
cbc |
| c |
orignew |
| d |
1 |
| e |
ecip |
| f |
20 |
| g |
y-gencatlg |
| 942 ## - ADDED ENTRY ELEMENTS (KOHA) |
| Source of classification or shelving scheme |
|
| Koha item type |
წიგნი |